000 00529nam a22001697a 4500
003 MACL
005 20151208141733.0
008 151208b xxu||||| |||| 00| 0 eng d
040 _cMACL
041 _aHindi
082 _a741.642
100 _aआनंदी राजपाल
_919780
245 _aसचित्र मुहावरेदार कहानियां
260 _bआधुनिक शब्‍द शिल्‍पी
_c2012
650 _aचिल्‍डन बुक
_9314
942 _2ddc
_cHIN
999 _c51458
_d51458